Score 0/60 Timer 03:00
0 Plays Today
Animal Country % Correct
CattleUnited States
98.3%
ChickensUnited States
98.3%
HorsesUnited States
98.3%
PigsUnited States
98.3%
TurkeysUnited States
98.3%
AssesChina
95%
BuffaloesChina
95%
CattleChina
95%
ChickensChina
95%
DucksChina
95%
GoatsChina
95%
HorsesChina
95%
MulesChina
95%
PigsChina
95%
SheepChina
95%
CattleBrazil
87.5%
ChickensBrazil
87.5%
HorsesBrazil
87.5%
MulesBrazil
87.5%
PigsBrazil
87.5%
TurkeysBrazil
87.5%
BuffaloesIndia
87.4%
CattleIndia
87.4%
ChickensIndia
87.4%
DucksIndia
87.4%
GoatsIndia
87.4%
SheepIndia
87.4%
AssesMexico
87.1%
HorsesMexico
87.1%
MulesMexico
87.1%
Animal Country % Correct
AssesEgypt
84.3%
BuffaloesEgypt
84.3%
SheepAustralia
79.5%
DucksFrance
79.5%
TurkeysFrance
79.5%
CattleArgentina
78.6%
HorsesArgentina
78.6%
PigsGermany
76.7%
SheepIran
68.9%
TurkeysChile
60.1%
TurkeysItaly
59.5%
AssesPakistan
59.3%
BuffaloesPakistan
59.3%
GoatsPakistan
59.3%
CamelsSudan
48.6%
SheepSudan
48.6%
ChickensIndonesia
47.1%
DucksIndonesia
47.1%
MulesMorocco
43.3%
CamelsNiger
41.9%
MulesColombia
41.3%
GoatsNigeria
38.5%
DucksVietnam
38.3%
PigsVietnam
38.3%
AssesEthiopia
35.6%
CamelsEthiopia
35.6%
GoatsBangladesh
26%
CamelsSomalia
25.5%
BuffaloesNepal
18.9%
CamelsMauritania
11.5%
Remove Ads.
Support Sporcle.
Get the best of Sporcle when you Go Orange. This ad-free experience offers more features, more stats, and more fun while also helping to support Sporcle. Thank you for becoming a member.

You're not logged in!

Compare scores with friends on all Sporcle quizzes.
OR
Log In

Sporcle TV

Today on Sporcle TV


Watch our educational content, quiz creation guides, and fun videos on Sporcle TV.

Show Comments

Extras

Top Quizzes Today


Score Distribution

Paid Content

Your Account Isn't Verified!

In order to create a playlist on Sporcle, you need to verify the email address you used during registration. Go to your Sporcle Settings to finish the process.

Report this User

Report this user for behavior that violates our Community Guidelines.

Details: